|
|
|
|
| LEADER |
00000nam1a2200000 4500 |
| 001 |
380177 |
| 005 |
20231101062642.0 |
| 035 |
|
|
|a (RuTPU)RU\TPU\prd\917
|
| 035 |
|
|
|a BOOK00000918
|
| 090 |
|
|
|a 380177
|
| 100 |
|
|
|a 20011210a18821917k y0rusy50 ca
|
| 101 |
0 |
|
|a rus
|
| 102 |
|
|
|a RU
|
| 200 |
1 |
|
|a Инженер
|e ежемесячный технический журнал
|f Киевское отделение Императорского Русского Технического Общества
|
| 210 |
|
|
|a Киев
|c Типография "Кушнерева и К"
|d 1883-1917
|
| 305 |
|
|
|a Издается с 1882 г.
|
| 326 |
|
|
|a 12 номеров в год
|
| 610 |
1 |
|
|a инженер
|
| 610 |
1 |
|
|a техника
|
| 610 |
1 |
|
|a наука
|
| 610 |
1 |
|
|a строительное дело
|
| 610 |
1 |
|
|a инженерное дело
|
| 675 |
|
|
|a 62
|v 3
|
| 712 |
0 |
2 |
|a Киевское отделение Императорского Русского Технического Общества
|
| 801 |
|
0 |
|a RU
|b 63413507
|c 20011210
|g PSBO
|
| 801 |
|
2 |
|a RU
|b 63413507
|c 20111213
|g PSBO
|
| 942 |
|
|
|c CR
|